Principios de contabilidad /

Guardado en:
Detalles Bibliográficos
Autor principal: Prieto, Alejandro (autor)
Formato: Libro
Idioma:Español
Publicado: México : Banca y Comercio, 1942, c1942
Etiquetas: Agrega una etiqueta
Sin etiquetas, Sé el primero en etiquetar este registro!

MARC

LEADER 00000nam^a2200000^a^4500
001 000426493
005 20250526000000.0
009 20260310122743.356
037 |a Acervo ITESO - Biblioteca 
041 |a ESP 
091 |a FHM. 02783 
100 |a Prieto, Alejandro  |e (autor) 
245 1 0 |a Principios de contabilidad / 
264 4 |a México :  |b Banca y Comercio,  |c 1942, c1942 
300 |a XVI, 376 p. ;  |c 20.5 cm. 
336 |a texto  |b txt  |2 rdacontenido 
337 |a sin mediación  |b n  |2 rdamedio 
338 |a volumen  |b nc  |2 rdasoporte 
649 |a XX 
910 |a Fondo Hugo B. Margáin 
920 |a Impresos - Libros 
930 |a Libros Antiguos y Raros 
905 |a 126 
901 |a 0500307636  |b IT2  |c LRA  |i D112113  |u 20250526 
902 |a https://opac.biblio.iteso.mx/vufind/Record/000426493